Fritz Maierhofer, Gold- und Silberschmied : Teil I, Zinn und Gold 82 : Teil II, Ausgewählte Arbeiten von 1970 bis 1980 /

I tiakina i:
Ngā taipitopito rārangi puna kōrero
Kaituhi matua: Asenbaum, Inge (edición)
Hōputu: Pukapuka
Reo:German
I whakaputaina: Viena, Austria : Galerie am Graben, 1980, c1980
Ngā Tūtohu: Tāpirihia he Tūtohu
Kāore He Tūtohu, Me noho koe te mea tuatahi ki te tūtohu i tēnei pūkete!

MARC

LEADER 00000nam^a2200000^a^4500
001 000583195
005 20250526000000.0
009 20260310132645.153
037 |a Acervo ITESO - Biblioteca 
041 |a ALE 
091 |a FCO. 00233 
100 |a Asenbaum, Inge  |e (edición) 
245 1 0 |a Fritz Maierhofer, Gold- und Silberschmied :  |b Teil I, Zinn und Gold 82 : Teil II, Ausgewählte Arbeiten von 1970 bis 1980 / 
264 4 |a Viena, Austria :  |b Galerie am Graben,  |c 1980, c1980 
300 |a 63 p. +  |e 1 lámina ;  |c 24.0 cm. 
336 |a texto  |b txt  |2 rdacontenido 
337 |a sin mediación  |b n  |2 rdamedio 
338 |a volumen  |b nc  |2 rdasoporte 
649 |a XX 
910 |a Fondo Erich Coufal Kieswetter 
920 |a Impresos - Libros 
930 |a Libros Antiguos y Raros 
905 |a 142 
901 |a 0500411783  |b IT2  |c LRA  |i D  |u 20250526 
901 |a 0500411852  |b IT2  |c LRA  |i D  |u 20250526 
902 |a https://opac.biblio.iteso.mx/vufind/Record/000583195